Icebergs, Ice Caps, and Glaciers (Record no. 1191)

MARC details
000 -LEADER
fixed length control field 01011nam a22002537a 4500
005 - DATE AND TIME OF LATEST TRANSACTION
control field 20230808084907.0
020 ## - INTERNATIONAL STANDARD BOOK NUMBER
International Standard Book Number 9780516262574
040 ## - CATALOGING SOURCE
Original cataloging agency FISKH
Language of cataloging eng
Transcribing agency FISKH
Modifying agency FISKH
050 ## - LIBRARY OF CONGRESS CALL NUMBER
Classification number GB2403.8.F69
082 ## - DEWEY DECIMAL CLASSIFICATION NUMBER
Classification number 551.34
100 ## - MAIN ENTRY--PERSONAL NAME
Personal name Fowler, Allan
245 ## - TITLE STATEMENT
Title Icebergs, Ice Caps, and Glaciers
Statement of responsibility, etc. By Allan Fowler
260 ## - PUBLICATION, DISTRIBUTION, ETC.
Place of publication, distribution, etc. New York :
Name of publisher, distributor, etc. Children's Press,
Date of publication, distribution, etc. 1997.
300 ## - PHYSICAL DESCRIPTION
Extent 31 pages :
Dimensions 18 cm.
520 ## - SUMMARY, ETC.
Summary, etc. Discover the characteristics, size, and movement of icebergs, ice caps, and glaciers.The natural world comes alive for young readers (Ages 6-7) with Rookie Read-About "RM" Science! With striking, full-color photos and just the right amount of text, this series immediately involves young readers as they discover intriguing facts about the fascinating world around them.
521 ## - TARGET AUDIENCE NOTE
Target audience note 580 <br/>
Source Lexile
521 ## - TARGET AUDIENCE NOTE
Target audience note K <br/>
Source Raz-Plus
650 ## - SUBJECT ADDED ENTRY--TOPICAL TERM
Source of heading or term Icebergs
650 ## - SUBJECT ADDED ENTRY--TOPICAL TERM
Source of heading or term Glaciers,
650 ## - SUBJECT ADDED ENTRY--TOPICAL TERM
Source of heading or term Ice Caps
942 ## - ADDED ENTRY ELEMENTS (KOHA)
Source of classification or shelving scheme Dewey Decimal Classification
Koha item type Books
Suppress in OPAC No
999 ## -
-- 1191
-- 1191
Holdings
Withdrawn status Lost status Source of classification or shelving scheme Damaged status Not for loan Collection Home library Current library Shelving location Date acquired Total Checkouts Full call number Barcode Date last seen Date last checked out Price effective from Koha item type
    Library of Congress Classification     Non-Fiction Footprints International School Library Network Toul Kork Campus Footprints International School Library Network Toul Kork Campus TK Primary Library Room(4th Floor), Bookcase 3&4, Shelves 17-32, Yellow Books 08/08/2023 1 FOW 551.31 GB2403.8.F69 FISTK03253 06/09/2025 12/03/2024 08/08/2023 Books